| 000 | 01134nam a22004090a 4500 | ||
|---|---|---|---|
| 001 | PT41896 | ||
| 003 | AR-LpoUNG | ||
| 005 | 20250226110339.0 | ||
| 008 | 201001s2010||||ag |||||||||||||||||spa d | ||
| 020 |
_a9789875744387 _c$10 |
||
| 040 |
_aAR-LpoUNG _bspa _eaacr |
||
| 041 | 0 | _aspa | |
| 044 | _aag | ||
| 082 | 0 | _a909.7 288ilu | |
| 100 | 1 |
_aRearte, Juan Lázaro _eed. |
|
| 245 | 1 | 0 |
_aDe la Ilustración al Romanticismo : _btensión, ruptura, continuidad |
| 250 | _a1ra. ed. | ||
| 260 |
_aBuenos Aires : _bUniversidad Nacional de General Sarmiento - Prometeo, _c2010. |
||
| 300 |
_a301 p. : _btbls., gráfs. |
||
| 490 | 0 | _aHumanidades | |
| 650 | 4 | _aALEMANIA | |
| 650 | 4 | _aANALISIS HISTORICO | |
| 650 | 4 | _aANALISIS SOCIOLOGICO | |
| 650 | 4 | _aCONOCIMIENTO | |
| 650 | 4 | _aCULTURA | |
| 650 | 4 | _aEUROPA | |
| 650 | 4 | _aFILOSOFIA | |
| 650 | 4 | _aFRANCIA | |
| 650 | 4 | _aHISTORIA | |
| 650 | 4 | _aLIBERTAD | |
| 650 | 4 | _aLITERATURA | |
| 650 | 4 | _aROMANTICISMO | |
| 700 | 1 |
_aSolé, María Jimena _eed. |
|
| 856 | 4 | 0 |
_uhttps://repositorio.ungs.edu.ar/handle/UNGS/771 _yTexto completo |
| 905 | _a41896 | ||
| 942 |
_cLIB _2ddc |
||
| 999 |
_c50890 _d50890 |
||